000 00211nam a2200085Ia 4500
245 0 _aAsthma
100 _a Arshad, S. Hasan Oxford, 2009
_985419
942 _cBK
008 210817s9999 xx 000 0 und d
999 _c319226
_d319225